| 000 | nam a22 7a 4500 | ||
|---|---|---|---|
| 999 |
_c149063 _d149061 |
||
| 005 | 20190613100834.0 | ||
| 008 | 190613b mx ||||| |||| 00| 0 spa d | ||
| 020 | _a9786077111614 | ||
| 050 | 0 | 4 |
_aGT3471.M6 _bR65 2013 |
| 100 | 1 | _aRojas Rabiela, Teresa | |
| 245 | 1 | 0 |
_aCien ventanas a los paisajes de antaño _b : fotografías del campo mexicano de hace un siglo _c / Teresa Rojas Rabiela, Ignacio Gutiérrez Ruvalcaba |
| 246 | 0 | 1 |
_a100 ventanas a los paisajes de antaño _b : fotografías del campo mexicano de hace un siglo |
| 250 | _a1a ed. | ||
| 260 |
_aMéxico : _bConsejo Nacional de Ciencia y Tecnología : _bRed de Etnoecología y Patrimonio Biocultural : _bJuan Pablos editor, _c2013 |
||
| 300 |
_a275 p. : _bfot., _c20 cm. |
||
| 500 | _aIncluye índice de fotografías. | ||
| 650 | 7 |
_2lemb _aVida rural _zMéxico _xHistoria _ySiglo XX _vObras pictóricas |
|
| 650 | 7 |
_2lemb _a Paisajes _zMéxico _vObras pictóricas |
|
| 700 | 1 |
_aGutiérrez Ruvalcaba, Ignacio, _d1961- |
|
| 942 |
_2lcc _cLIB |
||